Depresión y Ambiente Familiar en Familias Nucleares de Clase Media /

Guardat en:
Dades bibliogràfiques
Autor principal: Gómez Gutiérrez, Gabriela Patricia (autor)
Altres autors: Jiménez Hernández, Patricia (autor) (autor)
Format: Thesis Llibre
Idioma:espanyol
Publicat: Guadalajara, México : edición de autor, 1992
Matèries:
Etiquetes: Afegir etiqueta
Sense etiquetes, Sigues el primer a etiquetar aquest registre!

MARC

LEADER 00000nam^a2200000^a^4500
001 000044980
005 20250521000000.0
009 20260526115037.262
037 |a Acervo ITESO - Biblioteca 
041 |a ESP 
090 |a PSI. 245 
100 |a Gómez Gutiérrez, Gabriela Patricia  |e (autor) 
245 1 0 |a Depresión y Ambiente Familiar en Familias Nucleares de Clase Media /  |c G. P. Gómez Gutiérrez; P. Jiménez Hernández. 
264 1 |a Guadalajara, México :  |b edición de autor,  |c 1992 
300 |a 86 p. 
336 |a texto  |b txt  |2 rdacontenido 
337 |a sin mediación  |b n  |2 rdamedio 
338 |a volumen  |b nc  |2 rdasoporte 
502 |a ITESO Tesis de Licenciatura en Psicología 
649 |a XX 
650 |a Psicología Social 
650 |a Relaciones Familiares 
650 |a Psicopatología 
650 |a Clase Media 
700 |a Jiménez Hernández, Patricia  |e (autor) 
910 |a Fondo General 
920 |a Impresos - Tesis del ITESO 
930 |a Colección General 
905 |a 104 
901 |a T017390100  |b IT2  |c TSS  |i 801739  |u 20250521 
902 |a https://opac.biblio.iteso.mx/vufind/Record/000044980